<?xml version="1.0" encoding="UTF-8"?>
<record
    xmlns:xsi="http://www.w3.org/2001/XMLSchema-instance"
    xsi:schemaLocation="http://www.loc.gov/MARC21/slim http://www.loc.gov/standards/marcxml/schema/MARC21slim.xsd"
    xmlns="http://www.loc.gov/MARC21/slim">

  <leader>03115nam a2200325uu 4500</leader>
  <controlfield tag="001">1283116</controlfield>
  <controlfield tag="005">20260508075005.0</controlfield>
  <controlfield tag="008">120516s2006                        spa  </controlfield>
  <datafield tag="020" ind1=" " ind2=" ">
    <subfield code="a">9788497272223</subfield>
  </datafield>
  <datafield tag="035" ind1=" " ind2=" ">
    <subfield code="a">1283116</subfield>
  </datafield>
  <datafield tag="040" ind1=" " ind2=" ">
    <subfield code="c">comduadb</subfield>
  </datafield>
  <datafield tag="041" ind1=" " ind2=" ">
    <subfield code="a">spa</subfield>
  </datafield>
  <datafield tag="082" ind1=" " ind2="4">
    <subfield code="a">305</subfield>
  </datafield>
  <datafield tag="100" ind1="1" ind2="0">
    <subfield code="a">Hofstadt, Carlos van-der</subfield>
    <subfield code="4">edt</subfield>
    <subfield code="e">edt</subfield>
    <subfield code="9">664474</subfield>
  </datafield>
  <datafield tag="245" ind1="1" ind2="0">
    <subfield code="a">Estrategias de prevenci&#xF3;n para adolescentes : desde la tutor&#xED;a a la pr&#xE1;ctica</subfield>
  </datafield>
  <datafield tag="260" ind1=" " ind2=" ">
    <subfield code="a">Madrid :</subfield>
    <subfield code="b">Editorial EOS,</subfield>
    <subfield code="c">2006.</subfield>
  </datafield>
  <datafield tag="300" ind1=" " ind2=" ">
    <subfield code="a">139 p&#xE1;ginas</subfield>
  </datafield>
  <datafield tag="490" ind1="0" ind2=" ">
    <subfield code="a">Fundamentos Psicopedag&#xF3;gicos</subfield>
  </datafield>
  <datafield tag="505" ind1=" " ind2=" ">
    <subfield code="a">CONTENIDO : Introducci&#xF3;n. -- CAPITULO 1. T&#xE9;cnicas de auto control. -- 1. Introducci&#xF3;n te&#xF3;rica. -- 2. Referencias bibliogr&#xE1;ficas. -- CAPITULO 2. Desarrollo de la autoestima como estrategia de prevenci&#xF3;n. -- 1. Introducci&#xF3;n te&#xF3;rica. -- 2. Como mejorar la autoestima. -- 3. Referencias bibliogr&#xE1;ficas. -- 4. Lecturas recomendadas. -- CAPITULO 3. Mejorar las habilidades de comunicaci&#xF3;n: habilidades sociales y asertividad. -- 1. Introducci&#xF3;n te&#xF3;rica. -- 2. Referencias bibliogr&#xE1;ficas. -- 3. -- lecturas recomendadas. -- CAP&#xCD;TULO 4. -- Como estudiar con eficacia. -- 1. Introducci&#xF3;n te&#xF3;rica. -- 2. Referencias bibliogr&#xE1;ficas. -- 3. Lecturas recomendadas CAPITULO 5. &#xBF;C&#xF3;mo exponer trabajos? Gu&#xED;a eficaz para la mejora de las habilidades de exposici&#xF3;n oral. -- 1. Introducci&#xF3;n te&#xF3;rica. -- 2. Referencias bibliogr&#xE1;ficas. -- 3. Lecturas recomendadas. -- CAPITULO 6. Prevenci&#xF3;n de los trastornos de alimentaci&#xF3;n. -- 1. Introducci&#xF3;n te&#xF3;rica. -- 2. Trastornos del comportamiento alimentario. -- 3. Consecuencias y alteraciones de los trastornos del comportamiento alimentario. -- 4. Factores determinantes de los trastornos del comportamiento alimentario. -- 5. Referencias bibliogr&#xE1;ficas. -- 6. Lecturas recomendadas. -- CAPITULO 7. Prevenci&#xF3;n del tabaquismo. -- 1. Introducci&#xF3;n te&#xF3;rica. -- 2. Referencias bibliogr&#xE1;ficas. -- 3. Lecturas recomendadas.</subfield>
  </datafield>
  <datafield tag="520" ind1="3" ind2=" ">
    <subfield code="a">Esta obra pretende ser una herramienta pr&#xE1;ctica para los profesionales del &#xE1;mbito educativo, que trabajan con j&#xF3;venes y adolescentes, y se divide en tres grandes bloques: habilidades de desarrollo personal, habilidades acad&#xE9;micas y programas de prevenci&#xF3;n.  La totalidad de los talleres presentados se desarrollan con un car&#xE1;cter eminentemente pr&#xE1;ctico. Est&#xE1;n dise&#xF1;ados de modo que el profesor alterne la exposici&#xF3;n te&#xF3;rica necesaria junto a numerosos ejercicios pr&#xE1;cticos, con la ayuda del material elaborado para los estudiantes. Esta metodolog&#xED;a posibilita tanto el aprendizaje de los contenidos te&#xF3;ricos como la adquisici&#xF3;n de estrategias y habilidades generadas en la propia interacci&#xF3;n del aula.</subfield>
  </datafield>
  <datafield tag="650" ind1=" " ind2="7">
    <subfield code="a">Adolescentes</subfield>
    <subfield code="2">lemb</subfield>
    <subfield code="9">66395</subfield>
  </datafield>
  <datafield tag="650" ind1=" " ind2=" ">
    <subfield code="a">Psicolog&#xED;a del desarrollo</subfield>
    <subfield code="9">43463</subfield>
  </datafield>
  <datafield tag="650" ind1=" " ind2=" ">
    <subfield code="a">Autoestima en adolescentes</subfield>
    <subfield code="9">74815</subfield>
  </datafield>
  <datafield tag="650" ind1=" " ind2="7">
    <subfield code="a">Habilidades sociales</subfield>
    <subfield code="2">lemb</subfield>
    <subfield code="9">59906</subfield>
  </datafield>
  <datafield tag="650" ind1=" " ind2="7">
    <subfield code="a">Educaci&#xF3;n en salud</subfield>
    <subfield code="2">dcs</subfield>
    <subfield code="9">19987</subfield>
  </datafield>
  <datafield tag="650" ind1=" " ind2="7">
    <subfield code="a">Psicopedagog&#xED;a</subfield>
    <subfield code="2">armarc</subfield>
    <subfield code="9">111057</subfield>
  </datafield>
  <datafield tag="700" ind1="1" ind2="0">
    <subfield code="a">Quiles Marco, Yolanda</subfield>
    <subfield code="4">edt</subfield>
    <subfield code="e">edt</subfield>
    <subfield code="9">656293</subfield>
  </datafield>
  <datafield tag="700" ind1="1" ind2="0">
    <subfield code="a">Quiles Sebasti&#xE1;n, Mar&#xED;a Jos&#xE9;</subfield>
    <subfield code="4">edt</subfield>
    <subfield code="e">edt</subfield>
    <subfield code="9">675338</subfield>
  </datafield>
  <datafield tag="942" ind1=" " ind2=" ">
    <subfield code="c">BOOK</subfield>
  </datafield>
  <datafield tag="999" ind1=" " ind2=" ">
    <subfield code="c">621633</subfield>
    <subfield code="d">621633</subfield>
  </datafield>
  <datafield tag="952" ind1=" " ind2=" ">
    <subfield code="0">0</subfield>
    <subfield code="1">0</subfield>
    <subfield code="4">0</subfield>
    <subfield code="7">0</subfield>
    <subfield code="8">GEN</subfield>
    <subfield code="a">BC</subfield>
    <subfield code="b">BC</subfield>
    <subfield code="d">2012-05-16</subfield>
    <subfield code="e">Top Tech Colombia</subfield>
    <subfield code="g">138000.00</subfield>
    <subfield code="i">C1144701</subfield>
    <subfield code="l">5</subfield>
    <subfield code="o">305.235 E82</subfield>
    <subfield code="p">83988</subfield>
    <subfield code="r">2026-02-19 10:57:44</subfield>
    <subfield code="s">2025-05-02</subfield>
    <subfield code="t">1</subfield>
    <subfield code="w">2023-05-01</subfield>
    <subfield code="y">BOOK</subfield>
  </datafield>
</record>
